000 00408nam a2200181 i 4500
001 bg
100 1 _aSKOUSEN, K. F.
245 0 _aAn Introduction to the SEC /
_cK.F. Skousen.
250 _a4th ed.
260 _aCincinnati,
_c1987.
020 _a0538015624
040 _cBPK
041 _apol
080 _a33
920 _a0-538-01562-4
942 _cKS
008 s pl f |000 0 pol
999 _c29740
_d29740
856 _uhttp://koha.tu.koszalin.pl/cgi-bin/koha/opac-detail.pl?biblionumber=29740
_yKatalog online BPK